|
|
|
|
| LEADER |
00656cam a2200205 a 4500 |
| 001 |
0000084632 |
| 005 |
20070227090000.0 |
| 040 |
|
|
|a mod
|
| 041 |
|
|
|a eng
|
| 020 |
0 |
0 |
|a 9836280995
|
| 090 |
0 |
0 |
|a 338.9595
|b ROZ
|e 2005
|
| 100 |
1 |
0 |
|a Rozalli Hashim
|
| 245 |
1 |
0 |
|a Pengurusan pembangunan
|c Rozalli Hashim
|
| 260 |
0 |
0 |
|a Kuala Lumpur
|b Dewan Bahasa dan Pustaka
|c 2005
|
| 300 |
0 |
0 |
|a xx, 425 p.
|b ill.
|c 22 cm
|
| 500 |
0 |
0 |
|a Includes bibliographical references and index
|
| 650 |
0 |
0 |
|a Economic development
|x Social aspects
|
| 650 |
0 |
0 |
|a Economic development project
|x Management
|
| 852 |
0 |
0 |
|a 01
|
| 999 |
|
|
|a 0252953
|b KEMENTAH
|d BOOKS
|e Umum
|f Perpustakaan KEMENTAH
|j AVAILABLE
|q GOOD CONDITION
|